000 00572nam a2200205Ia 4500
008 151119s9999||||xx |||||||||||||| ||und||
082 _a294
082 _bGKKV19350
100 _a"लक्षीधर, श्री"
245 _aअद्वैत मकरंद
260 _a--
260 _b--
260 _c0
300 _a72pp.
600 _a"लक्षीधर, श्री"
630 _aअद्वैत मकरंद
700 _a"लक्षीधर, श्री"
730 _aअद्वैत मकरंद
942 _cBOOK
999 _c1072315
_d1072312